000 00569nam a2200181 4500
001 139458
003 ES-MaACL
005 20230906195817.0
007 t|
008 070214s1967 sp r ||||1| spa d
100 1 _aSchapiro, Leonard.
_9104233
245 1 0 _aGobierno y administración en la Unión Soviética /
_cLeonard Schapiro ; [traducción... de Javier González Pueyo].
250 _a1ª ed.
260 _aBarcelona :
_bOikos-tau,
_c1967.
300 _a183 p. ;
_c21 cm.
700 1 _aGonzález-Pueyo, Javier.
_958888
852 _aES-MaACL
_jG-5070
_bR.62145
999 _c139458
_d139458